[Event "Belt and Road op 3rd"]
[Site "Qinhuangdao"]
[Date "2023.11.23"]
[Round "8"]
[White "Hou, Yifan B"]
[Black "Yanjindulam, Dulamsuren"]
[Result "1-0"]
[WhiteElo "2102"]
[BlackElo "2127"]
[PlyCount "77"]
[EventDate "2023.11.19"]
[EventType "swiss"]
[EventRounds "9"]
[EventCountry "CHN"]
[SourceTitle "CB48_2023"]
[SourceDate "2023.11.29"]
[SourceVersion "1"]
[SourceVersionDate "2023.11.29"]
[SourceQuality "1"]

1. d4 Nf6 2. c4 e5 3. dxe5 Ng4 4. Nf3 Bc5 5. e3 Nc6 6. a3 a5 7. Nbd2 0-0 8. Nb3 Be7 9. Bd2 a4 10. Nbd4 Ncxe5 11. h3 Nxf3+ 12. Nxf3 Nf6 13. Qc2 Re8 14. Bd3 Bf8 15. Bc3 g6 16. 0-0 b6 17. e4 Bb7 18. Rfe1 Nh5 19. Qd2 Bg7 20. Bxg7 Kxg7 21. Qc3+ Kg8 22. Re3 d6 23. Rae1 Ra5 24. g3 Ng7 25. Bf1 Qa8 26. Nd2 Rae5 27. Bd3 Rh5 28. g4 Rhe5 29. f4 Rc5 30. f5 Qd8 31. Nf3 d5 32. exd5 Rxe3 33. Rxe3 Bxd5 34. Qd4 Qd6 35. cxd5 Qg3+ 36. Kf1 Qxh3+ 37. Kf2 gxf5 38. gxf5 f6 39. Qxf6 1-0

[Event "Belt and Road op 3rd"]
[Site "Qinhuangdao"]
[Date "2023.11.21"]
[Round "4"]
[White "Yanjindulam, Dulamsuren"]
[Black "Wang, Yu A"]
[Result "0-1"]
[WhiteElo "2127"]
[BlackElo "2222"]
[PlyCount "98"]
[EventDate "2023.11.19"]
[EventType "swiss"]
[EventRounds "9"]
[EventCountry "CHN"]
[SourceTitle "CB48_2023"]
[SourceDate "2023.11.29"]
[SourceVersion "1"]
[SourceVersionDate "2023.11.29"]
[SourceQuality "1"]

1. e4 e5 2. Nf3 Nc6 3. d4 exd4 4. Nxd4 Nf6 5. Nxc6 bxc6 6. e5 Qe7 7. Qe2 Nd5 8. h4 f6 9. c4 Ba6 10. Nd2 Nf4 11. exf6 Nd3+ 12. Kd1 Qxe2+ 13. Kxe2 Nxc1+ 14. Rxc1 gxf6 15. Kd1 Bh6 16. Rc3 Rb8 17. Nb3 0-0 18. Kc2 f5 19. Rg3+ Kh8 20. Bd3 f4 21. Rg5 Bxg5 22. hxg5 Kg8 23. Nc5 Bc8 24. Bxh7+ Kg7 25. Be4 d6 26. Rh7+ Kg8 27. Nd7 Bxd7 28. Rxd7 Rf7 29. Bxc6 Rxd7 30. Bxd7 Kg7 31. Bf5 Re8 32. Bd3 Re5 33. g6 Re1 34. Kd2 Rg1 35. Be4 Rf1 36. Ke2 Ra1 37. Kf3 Rxa2 38. Kxf4 Rxb2 39. Ke3 a5 40. f4 a4 41. f5 Rxg2 42. Bxg2 a3 43. c5 a2 44. cxd6 cxd6 45. Bd5 a1Q 46. Be6 Kf6 47. Kd3 Qe5 48. Kc4 Qe4+ 49. Kc3 d5 0-1

[Event "Belt and Road op 3rd"]
[Site "Qinhuangdao"]
[Date "2023.11.20"]
[Round "3"]
[White "Yuan, Qingyu"]
[Black "Yanjindulam, Dulamsuren"]
[Result "1-0"]
[WhiteElo "2380"]
[BlackElo "2127"]
[PlyCount "75"]
[EventDate "2023.11.19"]
[EventType "swiss"]
[EventRounds "9"]
[EventCountry "CHN"]
[SourceTitle "CB48_2023"]
[SourceDate "2023.11.29"]
[SourceVersion "1"]
[SourceVersionDate "2023.11.29"]
[SourceQuality "1"]

1. e4 c5 2. Nf3 d6 3. Bb5+ Bd7 4. Bxd7+ Qxd7 5. c4 Nc6 6. Nc3 Nf6 7. d4 cxd4 8. Nxd4 g6 9. f3 Bg7 10. Be3 0-0 11. 0-0 a6 12. Qd3 Rfc8 13. b3 b5 14. cxb5 Ne5 15. Qd2 d5 16. Nc6 Nxc6 17. bxc6 Rxc6 18. e5 Ne8 19. f4 e6 20. Ne2 Rac8 21. Nd4 Rc3 22. Qe2 Bf8 23. Bd2 Qa7 24. Bxc3 Rxc3 25. Rad1 Bc5 26. Qd2 Nc7 27. Qxc3 Nb5 28. Qb2 Nxd4 29. Kh1 Nf5 30. Rc1 Ne3 31. Qc3 Bf8 32. Rf3 d4 33. Qc7 Qa8 34. Qc6 Qa7 35. Qe8 Qe7 36. Qxe7 Bxe7 37. Rxe3 dxe3 38. Rc3 1-0

[Event "Belt and Road op 3rd"]
[Site "Qinhuangdao"]
[Date "2023.11.19"]
[Round "1"]
[White "Atabayev, Saparmyrat"]
[Black "Yanjindulam, Dulamsuren"]
[Result "1-0"]
[WhiteElo "2481"]
[BlackElo "2127"]
[PlyCount "101"]
[EventDate "2023.11.19"]
[EventType "swiss"]
[EventRounds "9"]
[EventCountry "CHN"]
[SourceTitle "CB48_2023"]
[SourceDate "2023.11.29"]
[SourceVersion "1"]
[SourceVersionDate "2023.11.29"]
[SourceQuality "1"]

1. e4 e5 2. Nf3 Nf6 3. Nxe5 d6 4. Nf3 Nxe4 5. d3 Nf6 6. d4 d5 7. Bd3 Bd6 8. Qe2+ Qe7 9. Qxe7+ Bxe7 10. Bf4 c6 11. Nbd2 Nh5 12. Bc7 Be6 13. h3 h6 14. 0-0-0 a5 15. Rde1 Na6 16. Bxa5 0-0 17. a3 Nc5 18. dxc5 Rxa5 19. Nb3 Ra4 20. g3 Bf6 21. c3 Rfa8 22. Nfd4 Bd7 23. Be2 Bxd4 24. Nxd4 Nf6 25. Bd3 g6 26. g4 R8a5 27. Re7 Rxc5 28. Nb3 Rca5 29. Nxa5 Rxa5 30. f4 Kf8 31. Rhe1 g5 32. fxg5 hxg5 33. R7e5 Ra4 34. Rxg5 Be6 35. Bf5 Ne4 36. Bxe4 dxe4 37. Re5 Bd5 38. Re3 b5 39. h4 f6 40. Rf5 Ke7 41. g5 fxg5 42. Rxg5 Kf6 43. Rg1 Ra8 44. h5 Rh8 45. Rh3 Rh6 46. Kd2 Bf7 47. Ke3 Kf5 48. Rh4 Bd5 49. Rf4+ Ke5 50. Rg5+ Kd6 51. Rg6+ 1-0

[Event "Olympiad Women-43"]
[Site "Batumi"]
[Date "2018.10.04"]
[Round "10.3"]
[White "Fernandez, Maria Florencia"]
[Black "Yanjindulam, Dulamsuren"]
[Result "0-1"]
[WhiteElo "2219"]
[BlackElo "2123"]
[PlyCount "88"]
[EventDate "2018.09.24"]
[EventType "team-swiss"]
[EventRounds "11"]
[EventCountry "GEO"]
[SourceTitle "EXT 2020"]
[Source "ChessBase"]
[SourceDate "2019.10.17"]
[SourceVersion "1"]
[SourceVersionDate "2019.10.17"]
[SourceQuality "1"]
[WhiteTeam "Argentina (W)"]
[BlackTeam "Mongolia (W)"]
[WhiteTeamCountry "ARG"]
[BlackTeamCountry "MGL"]

1. d4 d6 2. e4 Nf6 3. f3 c6 4. c4 e5 5. d5 cxd5 6. cxd5 Be7 7. Be3 0-0 8. Bd3 Nh5 9. Qd2 Nd7 10. Ne2 Nc5 11. Bc2 Bh4+ 12. g3 Be7 13. 0-0 Bh3 14. Rf2 g6 15. b4 Nd7 16. Kh1 Nb6 17. Bd3 f5 18. Ng1 fxe4 19. Nxh3 exd3 20. Qxd3 Qd7 21. Kg2 Bd8 22. Nc3 Rc8 23. Ne4 Nc4 24. Bh6 Bb6 25. Nc5 dxc5 26. Bxf8 cxb4 27. Bh6 Bd4 28. Rb1 a5 29. Re2 Qxd5 30. Ng5 Nf6 31. Ne4 Qc6 32. Nxf6+ Qxf6 33. Qe4 Qc6 34. Qh4 Ne3+ 35. Bxe3 Bxe3 36. Rbb2 Qc1 37. Qe4 Bd4 38. Rbc2 Qg1+ 39. Kh3 Qf1+ 40. Kh4 Rd8 41. Rc7 Bb6 42. Qc4+ Kh8 43. Rc8 Qxf3 44. Qe6 Qh5# 0-1

[Event "Olympiad Women-43"]
[Site "Batumi"]
[Date "2018.09.26"]
[Round "3.15"]
[White "Yanjindulam, Dulamsuren"]
[Black "Kusenkova, Natallia"]
[Result "1/2-1/2"]
[WhiteElo "2123"]
[BlackElo "2167"]
[PlyCount "100"]
[EventDate "2018.09.24"]
[EventType "team-swiss"]
[EventRounds "11"]
[EventCountry "GEO"]
[SourceTitle "EXT 2020"]
[Source "ChessBase"]
[SourceDate "2019.10.17"]
[SourceVersion "1"]
[SourceVersionDate "2019.10.17"]
[SourceQuality "1"]
[WhiteTeam "Mongolia (W)"]
[BlackTeam "Belarus (W)"]
[WhiteTeamCountry "MGL"]
[BlackTeamCountry "BLR"]

1. e4 e5 2. Nf3 Nc6 3. Bb5 a6 4. Ba4 Nf6 5. d3 d6 6. 0-0 g6 7. c3 Bg7 8. h3 0-0 9. Be3 b5 10. Bc2 d5 11. Nbd2 h6 12. d4 exd4 13. Nxd4 Nxd4 14. Bxd4 dxe4 15. Nxe4 Bb7 16. Re1 Nxe4 17. Bxe4 Bxe4 18. Rxe4 Qd5 19. Qe2 Rad8 20. a4 Bxd4 21. Rxd4 Qc5 22. Rad1 Rxd4 23. Rxd4 c6 24. Qe3 Kg7 25. a5 Qf5 26. Rd6 Rc8 27. b4 h5 28. Qd4+ Kg8 29. Rf6 Qb1+ 30. Kh2 Qe1 31. Qc5 Qe4 32. Qd6 Kg7 33. Rf4 Qe6 34. Qd4+ Kg8 35. Rf6 Qe7 36. Rd6 Qc7 37. Kg1 Re8 38. g3 Qc8 39. Kh2 Qc7 40. Rd7 Qe5 41. Rd8 Kh7 42. Rxe8 Qxe8 43. Qa7 h4 44. Qc7 hxg3+ 45. Kxg3 Qe6 46. Qf4 Kg7 47. h4 Kg8 48. Qd4 Kh7 49. Kf3 Qh3+ 50. Ke2 Qe6+ 1/2-1/2

[Event "MGL-ch (Women) 50th"]
[Site "Tsetserleg"]
[Date "2018.05.24"]
[Round "8"]
[White "Ankhchimeg, Bayanmunkh"]
[Black "Yanjindulam, Dulamsuren"]
[Result "0-1"]
[WhiteElo "2157"]
[BlackElo "2135"]
[PlyCount "62"]
[EventDate "2018.05.19"]
[EventType "tourn"]
[EventRounds "11"]
[EventCountry "MGL"]
[SourceTitle "EXT 2019"]
[Source "ChessBase"]
[SourceDate "2018.10.10"]
[SourceVersion "1"]
[SourceVersionDate "2018.10.10"]
[SourceQuality "1"]

1. e4 d6 2. d4 g6 3. Nc3 Bg7 4. Be3 a6 5. f3 b5 6. Qd2 Nd7 7. Nge2 Bb7 8. g3 h5 9. Bg2 Ngf6 10. 0-0 Nb6 11. b3 h4 12. g4 h3 13. Bh1 Qc8 14. Ng3 Nbd7 15. a4 b4 16. Nce2 a5 17. Rac1 e5 18. c3 bxc3 19. Nxc3 0-0 20. Rf2 Qd8 21. Nb5 Ne8 22. d5 Ra6 23. Qd1 Nb8 24. Qf1 c6 25. dxc6 Rxc6 26. Rxc6 Nxc6 27. Qxh3 d5 28. Rd2 d4 29. Bh6 Bc8 30. Bxg7 Nxg7 31. Qh6 Be6 0-1

[Event "MGL-ch (Women) 49th"]
[Site "Dadal"]
[Date "2017.03.24"]
[Round "10"]
[White "Yanjindulam, Dulamsuren"]
[Black "Ankhchimeg, Bayanmunkh"]
[Result "1-0"]
[WhiteElo "2113"]
[BlackElo "2156"]
[PlyCount "123"]
[EventDate "2017.03.17"]
[EventType "tourn"]
[EventRounds "11"]
[EventCountry "MGL"]
[SourceTitle "CBM 177 Extra"]
[Source "ChessBase"]
[SourceDate "2017.04.27"]
[SourceVersion "1"]
[SourceVersionDate "2017.04.27"]
[SourceQuality "1"]

1. e4 c5 2. Nf3 Nc6 3. Bb5 g6 4. 0-0 Bg7 5. c3 Nf6 6. Qa4 0-0 7. d4 cxd4 8. cxd4 a6 9. Re1 Na7 10. Bf1 b5 11. Qd1 d5 12. e5 Ne4 13. Nbd2 Nxd2 14. Bxd2 Qb6 15. Bb4 Nc6 16. Bc5 Qb7 17. h3 Rd8 18. g3 Bf5 19. Nh4 Be6 20. Bg2 a5 21. f4 Qd7 22. Kh2 Rab8 23. Qe2 Re8 24. Rad1 Rb7 25. Qf3 h5 26. Rd2 Rd8 27. Rg1 Nb8 28. Rc2 Na6 29. Rgc1 Rc8 30. Qa3 a4 31. Qf3 Rbc7 32. Qd3 Bh6 33. Bf1 g5 34. Ng6 Nxc5 35. Rxc5 Rxc5 36. Rxc5 Rxc5 37. dxc5 fxg6 38. Qxg6+ Bg7 39. Qxg5 d4 40. Bd3 Bc4 41. Bf5 e6 42. Be4 Bd5 43. Qg6 Kf8 44. b4 Bxa2 45. f5 Qf7 46. Qxf7+ Kxf7 47. f6 Bf8 48. g4 hxg4 49. hxg4 Bh6 50. Kg3 Bc4 51. g5 a3 52. g6+ Ke8 53. g7 Kf7 54. c6 a2 55. Bg6+ Kxg6 56. g8Q+ Kf5 57. Qa8 Bf4+ 58. Kf2 Bxe5 59. f7 Bd6 60. c7 Bxb4 61. c8Q Bd5 62. Qxd5+ 1-0

[Event "MGL-ch (Women) 49th"]
[Site "Dadal"]
[Date "2017.03.21"]
[Round "7"]
[White "Yanjindulam, Dulamsuren"]
[Black "Uuriintuya, Uurtsaikh"]
[Result "0-1"]
[WhiteElo "2113"]
[BlackElo "2218"]
[PlyCount "78"]
[EventDate "2017.03.17"]
[EventType "tourn"]
[EventRounds "11"]
[EventCountry "MGL"]
[SourceTitle "CBM 177 Extra"]
[Source "ChessBase"]
[SourceDate "2017.04.27"]
[SourceVersion "1"]
[SourceVersionDate "2017.04.27"]
[SourceQuality "1"]

1. d4 Nf6 2. Nf3 g6 3. Nc3 d5 4. Bf4 c5 5. e3 cxd4 6. exd4 a6 7. Ne5 Bg7 8. Be2 0-0 9. Bf3 Be6 10. h4 Nbd7 11. h5 Nxe5 12. Bxe5 Qd7 13. Qd2 b5 14. Ne2 Bg4 15. Nf4 Bxf3 16. gxf3 Qf5 17. c3 Rfc8 18. Rd1 Rc6 19. Qe3 a5 20. hxg6 hxg6 21. Nd3 Nh5 22. Bxg7 Kxg7 23. Qe5+ Rf6 24. Kd2 Qxf3 25. Qxe7 b4 26. Qe5 bxc3+ 27. bxc3 Kg8 28. Rdg1 Rf5 29. Qh2 Kf8 30. Qd6+ Kg7 31. Qh2 Re8 32. Re1 Re4 33. Re3 Rxe3 34. fxe3 Rg5 35. Nf4 Rg3 36. Kc2 Qxe3 37. Ne2 Qe4+ 38. Kb3 Rg2 39. Ng3 Qc2+ 0-1

[Event "MGL-ch (Women) 49th"]
[Site "Dadal"]
[Date "2017.03.18"]
[Round "2"]
[White "Nomindalai, Tumurbaatar"]
[Black "Yanjindulam, Dulamsuren"]
[Result "0-1"]
[WhiteElo "1804"]
[BlackElo "2113"]
[PlyCount "70"]
[EventDate "2017.03.17"]
[EventType "tourn"]
[EventRounds "11"]
[EventCountry "MGL"]
[SourceTitle "CBM 177 Extra"]
[Source "ChessBase"]
[SourceDate "2017.04.27"]
[SourceVersion "1"]
[SourceVersionDate "2017.04.27"]
[SourceQuality "1"]

1. d4 d5 2. Bg5 h6 3. Bh4 c5 4. dxc5 g5 5. Bg3 Bg7 6. c3 Na6 7. e3 Nxc5 8. Na3 a6 9. Nf3 Ne4 10. Be5 Bxe5 11. Nxe5 Ngf6 12. Bd3 Qd6 13. Nf3 Nxc3 14. Qb3 Nce4 15. Bxe4 dxe4 16. Nd4 e5 17. Ne2 Be6 18. Qc2 Rc8 19. Nc3 Qc6 20. Qd2 0-0 21. 0-0 b5 22. Ne2 Rfd8 23. Qb4 Qd6 24. Qxd6 Rxd6 25. Rfd1 Rxd1+ 26. Rxd1 b4 27. Nb1 Bxa2 28. Nd2 Rd8 29. Nc1 Be6 30. h3 a5 31. b3 g4 32. Kh2 Kf8 33. Kg3 gxh3 34. gxh3 Nh7 35. h4 Nf6 0-1

[Event "MGL-ch (Women) 48th"]
[Site "Uliastai"]
[Date "2016.02.21"]
[Round "7"]
[White "Yanjindulam, Dulamsuren"]
[Black "Anu, Bayar"]
[Result "1-0"]
[WhiteElo "2176"]
[BlackElo "2021"]
[PlyCount "73"]
[EventDate "2016.02.16"]
[EventType "tourn"]
[EventRounds "11"]
[EventCountry "MGL"]
[SourceTitle "CBM 171 Extra"]
[Source "ChessBase"]
[SourceDate "2016.04.26"]
[SourceVersion "1"]
[SourceVersionDate "2016.04.26"]
[SourceQuality "1"]

1. e4 d5 2. exd5 Qxd5 3. Nc3 Qd8 4. d4 Nf6 5. Nf3 Bg4 6. Be2 c6 7. h3 Bxf3 8. Bxf3 e6 9. Qd3 Nbd7 10. Bd2 Be7 11. 0-0-0 Nb6 12. g4 a5 13. Bg2 Nfd5 14. f4 Nb4 15. Qe2 N6d5 16. a3 Nxc3 17. Bxc3 Na2+ 18. Kd2 Nxc3 19. Kxc3 Qd6 20. Rhf1 a4 21. f5 Bf6 22. fxe6 Qc5+ 23. Qc4 Qa5+ 24. Kd3 0-0-0 25. c3 fxe6 26. Qxe6+ Kb8 27. Rf5 Qb6 28. Kc2 Qa6 29. Bf1 Qa7 30. g5 Rhe8 31. Qc4 Be7 32. Re1 Bd6 33. Rxe8 Rxe8 34. Qf7 Rf8 35. Qd7 Ka8 36. Bd3 Qb8 37. Ra5+ 1-0

[Event "MGL-ch (Women) 48th"]
[Site "Uliastai"]
[Date "2016.02.16"]
[Round "1"]
[White "Lkhamsuren, Uuganbayar"]
[Black "Yanjindulam, Dulamsuren"]
[Result "1-0"]
[WhiteElo "2136"]
[BlackElo "2176"]
[PlyCount "69"]
[EventDate "2016.02.16"]
[EventType "tourn"]
[EventRounds "11"]
[EventCountry "MGL"]
[SourceTitle "CBM 171 Extra"]
[Source "ChessBase"]
[SourceDate "2016.04.26"]
[SourceVersion "1"]
[SourceVersionDate "2016.04.26"]
[SourceQuality "1"]

1. e4 d6 2. d4 g6 3. Nc3 Bg7 4. Be3 Nd7 5. Qd2 c6 6. Nf3 Qc7 7. Bd3 b5 8. 0-0 Nb6 9. h3 Bd7 10. a4 bxa4 11. Nxa4 Nxa4 12. Rxa4 c5 13. Ra2 c4 14. Qc3 Rc8 15. Be2 Nf6 16. Nd2 d5 17. e5 Ng8 18. Rfa1 Nh6 19. Rxa7 Qd8 20. g4 0-0 21. Qa5 Qe8 22. Qxd5 Be6 23. Qa5 f5 24. Bg5 fxg4 25. Rxe7 Qc6 26. Qa6 Nf7 27. Rxe6 Qd5 28. Be3 Ng5 29. Bxg5 gxh3 30. Bf3 Rxf3 31. Nxf3 Qxf3 32. Qxc8+ Bf8 33. Qa8 Qg4+ 34. Kh2 Qxe6 35. Bh6 1-0